|
|
|
|
| LEADER |
00000cam a2200000 c 4500 |
| 001 |
273765086 |
| 003 |
DE-627 |
| 005 |
20251222212523.0 |
| 007 |
tu |
| 008 |
990101s1986 xxu||||| b 00| ||eng c |
| 020 |
|
|
|a 0816181225
|9 0-8161-8122-5
|
| 035 |
|
|
|a (DE-627)273765086
|
| 035 |
|
|
|a (DE-576)01301689X
|
| 035 |
|
|
|a (DE-599)GBV273765086
|
| 035 |
|
|
|a (OCoLC)230841607
|
| 035 |
|
|
|a (OCoLC)14131435
|
| 035 |
|
|
|a (OCoLC)14131435
|
| 035 |
|
|
|a (DE-604)800629099x
|
| 040 |
|
|
|a DE-627
|b ger
|c DE-627
|e rakwb
|
| 041 |
|
|
|a eng
|
| 044 |
|
|
|c XD-US
|
| 050 |
|
0 |
|a Z7964.U49
|
| 050 |
|
0 |
|a HQ1426
|
| 082 |
0 |
|
|a 016.3054/2/0973
|
| 084 |
|
|
|a MS 3150
|2 rvk
|0 (DE-625)rvk/123671:
|
| 100 |
1 |
|
|a Kinnard, Cynthia D.
|0 (DE-627)1234403471
|0 (DE-576)164403477
|4 aut
|
| 109 |
|
|
|a Kinnard, Cynthia D.
|a Kinnard, Cynthia Doering
|
| 245 |
1 |
0 |
|a Antifeminism in American thought
|b an annot. bibliogr.
|
| 264 |
|
1 |
|a Boston, Mass.
|b Hall
|c 1986
|
| 300 |
|
|
|a XVII, 321 S
|
| 336 |
|
|
|a Text
|b txt
|2 rdacontent
|
| 337 |
|
|
|a ohne Hilfsmittel zu benutzen
|b n
|2 rdamedia
|
| 338 |
|
|
|a Band
|b nc
|2 rdacarrier
|
| 490 |
0 |
|
|a Women's studies publications
|
| 500 |
|
|
|a Includes index
|
| 583 |
1 |
|
|a Archivierung prüfen
|c 20240324
|f DE-4165
|z 2
|2 pdager
|
| 653 |
|
0 |
|a Anti-feminism
|a United States
|a Bibliography
|
| 653 |
|
0 |
|a Women's rights
|a United States
|a Bibliography
|
| 653 |
|
0 |
|a Women
|a United States
|a Bibliography
|
| 655 |
|
7 |
|a Bibliografie
|0 (DE-588)4006432-3
|0 (DE-627)104814519
|0 (DE-576)208865578
|2 gnd-content
|
| 689 |
0 |
0 |
|d g
|0 (DE-588)4078704-7
|0 (DE-627)106076612
|0 (DE-576)209209682
|a USA
|2 gnd
|
| 689 |
0 |
1 |
|d s
|0 (DE-588)4071428-7
|0 (DE-627)106097741
|0 (DE-576)209183926
|a Frauenbewegung
|2 gnd
|
| 689 |
0 |
|
|5 (DE-627)
|
| 689 |
1 |
0 |
|d g
|0 (DE-588)4078704-7
|0 (DE-627)106076612
|0 (DE-576)209209682
|a USA
|2 gnd
|
| 689 |
1 |
1 |
|d s
|0 (DE-588)4018202-2
|0 (DE-627)104270705
|0 (DE-576)208923209
|a Frau
|2 gnd
|
| 689 |
1 |
2 |
|d s
|0 (DE-588)4012472-1
|0 (DE-627)106348310
|0 (DE-576)20889862X
|a Diskriminierung
|2 gnd
|
| 689 |
1 |
|
|5 (DE-627)
|
| 889 |
|
|
|w (DE-627)024195391
|
| 935 |
|
|
|i mdedup
|
| 935 |
|
|
|i Blocktest
|
| 936 |
r |
v |
|a MS 3150
|b Frauenbewegung
|k Soziologie
|k Spezielle Soziologien
|k Soziologische Geschlechterforschung (Gender Studies)
|k Spezielle Forschungsgebiete der soziologischen Geschlechterforschung
|k Geschlechtlich motivierte politische Bewegungen
|k Frauenbewegung
|0 (DE-627)144133470X
|0 (DE-625)rvk/123671:
|0 (DE-576)371334705
|
| 951 |
|
|
|a BO
|
| ELC |
|
|
|b 1
|
| LOK |
|
|
|0 000 xxxxxcx a22 zn 4500
|
| LOK |
|
|
|0 001 3266912039
|
| LOK |
|
|
|0 003 DE-627
|
| LOK |
|
|
|0 004 273765086
|
| LOK |
|
|
|0 005 20151016092102
|
| LOK |
|
|
|0 008 151016||||||||||||||||ger|||||||
|
| LOK |
|
|
|0 040
|a DE-21-110
|c DE-627
|d DE-21-110
|
| LOK |
|
|
|0 689
|a s
|a Antifeminism
|
| LOK |
|
|
|0 852
|z Kein Bestand am IfK; Nachweis für KrimDok
|
| LOK |
|
|
|0 852
|a DE-21-110
|
| LOK |
|
|
|0 852 1
|m v
|9 00
|
| LOK |
|
|
|0 935
|a k110
|
| LOK |
|
|
|0 938
|k v
|
| LOK |
|
|
|0 939
|a 16-10-15
|b l01
|
| ORI |
|
|
|a SA-MARC-krimdoka001.raw
|